[Event "Minsk Kupreichik Memorial op"]
[Site "Minsk"]
[Date "2018.06.22"]
[Round "8"]
[White "Papunidi, Matvey"]
[Black "Osmolny, Vladimir I"]
[Result "0-1"]
[WhiteElo "1913"]
[BlackElo "2211"]
[PlyCount "106"]
[EventDate "2018.06.21"]
[EventType "swiss (rapid)"]
[EventRounds "11"]
[EventCountry "BLR"]
[SourceTitle "CBM 185 Extra"]
[Source "ChessBase"]
[SourceDate "2018.07.29"]
[SourceVersion "1"]
[SourceVersionDate "2018.07.29"]
[SourceQuality "1"]

1. e4 c5 2. Nf3 Nf6 3. Nc3 d6 4. d4 cxd4 5. Qxd4 Nc6 6. Bb5 Bd7 7. Bxc6 Bxc6 8. Bg5 Qb6 9. Bxf6 gxf6 10. Qxb6 axb6 11. 0-0-0 Rg8 12. Rhg1 e6 13. Nd4 Ra5 14. f3 Kd7 15. b4 Rag5 16. b5 Rxg2 17. bxc6+ bxc6 18. Rxg2 Rxg2 19. Rh1 b5 20. Kd1 Bh6 21. Nce2 b4 22. Ke1 Be3 23. Nb3 c5 24. Nd2 Bh6 25. Kf1 Rg8 26. Nc4 d5 27. exd5 exd5 28. Nb2 Ra8 29. Nd3 Kc6 30. Ndc1 Ra3 31. f4 Bxf4 32. Nxf4 Rf3+ 33. Kg2 Rxf4 34. Rf1 Rg4+ 35. Kf3 Rc4 36. Rf2 Kd6 37. Ke3 Re4+ 38. Kd2 Rh4 39. Rxf6+ Ke5 40. Rf2 c4 41. Ne2 d4 42. Ng1 Rf4 43. Rxf4 Kxf4 44. Ke2 f5 45. Nf3 Ke4 46. Ng5+ Kf4 47. Nxh7 Kg4 48. Nf6+ Kh3 49. Nd5 f4 50. Nxb4 Kg2 51. Nd5 f3+ 52. Kd2 f2 53. Nf4+ Kf3 0-1

[Event "Minsk Kupreichik Memorial op"]
[Site "Minsk"]
[Date "2018.06.21"]
[Round "2"]
[White "Nigmatov, Ortik"]
[Black "Papunidi, Matvey"]
[Result "1-0"]
[WhiteElo "2461"]
[BlackElo "1913"]
[PlyCount "89"]
[EventDate "2018.06.21"]
[EventType "swiss (rapid)"]
[EventRounds "11"]
[EventCountry "BLR"]
[SourceTitle "CBM 185 Extra"]
[Source "ChessBase"]
[SourceDate "2018.07.29"]
[SourceVersion "1"]
[SourceVersionDate "2018.07.29"]
[SourceQuality "1"]

1. e4 c5 2. Nf3 Nc6 3. d4 cxd4 4. Nxd4 g6 5. c4 Bg7 6. Be3 Nf6 7. Nc3 0-0 8. Be2 d6 9. h3 Bd7 10. 0-0 Nxd4 11. Bxd4 Bc6 12. Qc2 Nd7 13. Bxg7 Kxg7 14. Rad1 a5 15. Bg4 Ne5 16. c5 Nxg4 17. hxg4 Qd7 18. cxd6 exd6 19. f3 Rac8 20. Rd4 b5 21. Qf2 Rfd8 22. Rfd1 Qe6 23. a3 Qe5 24. Qd2 Rd7 25. Nd5 Rb8 26. Ne3 Rbd8 27. Kf2 h5 28. Qxa5 h4 29. Qc3 Bb7 30. R4d3 Qxc3 31. Rxc3 d5 32. Rcd3 Kf6 33. Nxd5+ Bxd5 34. Rxd5 Rxd5 35. Rxd5 Rxd5 36. exd5 Ke5 37. Ke3 Kxd5 38. b3 f6 39. Kf4 Kd4 40. g5 f5 41. a4 b4 42. a5 Kc3 43. a6 Kxb3 44. a7 Kc2 45. a8Q 1-0